100 vocalistas, 100 bandas americanas - Statistics

Estatísticas Gerais
  • Esse quiz foi jogado 241 vezes
  • A pontuação média é 27 de 100
Estatísticas das Respostas
Vocalista Banda % Correto
Kurt Cobain Nirvana
90%
Jon Bon Jovi Bon Jovi
89%
Axl Rose Guns N'Roses
82%
Steven Tyler Aerosmith
80%
James Hetfield Metallica
72%
Dave Grohl Foo Fighters
70%
Chester Bennington Linkin Park
70%
Billie Joe Armstrong Green Day
64%
Amy Lee Evanescence
63%
Eddie Vedder Pearl Jam
63%
Jared Leto 30 Seconds to Mars
61%
Jim Morrison The Doors
61%
Joey Ramone The Ramones
61%
Anthony Kiedis Red Hot Chili Peppers
59%
Serj Tankian System of a Down
57%
Corey Taylor Slipknot
56%
Paul Stanley Kiss
55%
Dave Mustaine Megadeth
54%
Hayley Williams Paramore
46%
Chris Cornell Soundgarden
46%
Ronnie James Dio Dio
43%
Layne Staley Alice in Chains
41%
Jack White The White Stripes
41%
Zack de la Rocha Rage Against the Machine
39%
David Lee Roth Van Halen
39%
Scott Stapp Creed
38%
Jimi Hendrix The Jimi Hendrix Experience
38%
Steve Perry Journey
37%
Phil Anselmo Pantera
37%
Fred Durst Limp Bizkit
34%
Julian Casablancas The Strokes
33%
M. Shadows Avenged Sevenfold
31%
Dave Matthews Dave Matthews Band
31%
Jonathan Davis Korn
31%
Mark Hoppus Blink 182
30%
Tom Araya Slayer
30%
Vince Neil Mötley Crüe
28%
Gerard Way My Chemical Romance
28%
Stevie Nicks Fleetwood Mac
27%
Dan Reynolds Imagine Dragons
26%
Brandon Flowers The Killers
26%
Michael Stipe R.E.M.
25%
Billy Corgan The Smashing Pumpkins
25%
Mike Patton Faith No More
24%
Scott Weiland Stone Temple Pilots
24%
Dexter Holland The Offspring
24%
John Fogerty Creedence Clearwater Revival
23%
Chino Moreno Deftones
23%
Ronnie Van Zant Lynyrd Skynyrd
23%
Joey Belladonna Anthrax
22%
Lou Reed The Velvet Underground
22%
Ann Wilson Heart
20%
Don Henley The Eagles
20%
Bret Michaels Poison
19%
Josh Homme Queens of the Stone Age
19%
Peter Cetera Chicago
18%
Trent Reznor Nine Inch Nails
18%
Tom Petty Tom Petty and the Heartbreakers
18%
Rivers Cuomo Weezer
18%
Glenn Danzig Misfits
17%
Dusty Hill ZZ Top
17%
Brad Delp Boston
16%
James LaBrie Dream Theater
16%
Dee Snider Twisted Sister
16%
David Byrne Talking Heads
15%
Patrick Stump Fall Out Boy
14%
Chuck Schuldiner Death
13%
Steve Walsh Kansas
13%
Myles Kennedy Alter Bridge
12%
Mike Love The Beach Boys
12%
Caleb Followill Kings of Leon
11%
Black Francis Pixies
11%
Greg Graffin Bad Religion
9%
Shannon Hoon Blind Melon
9%
Maynard Keenan Tool
9%
Andy Biersack Black Veil Brides
8%
John Rzeznik Goo Goo Dolls
8%
David Draiman Disturbed
7%
Ivan Moody Five Finger Death Punch
7%
Randy Blythe Lamb of God
7%
Eric Adams Manowar
7%
Geoff Tate Queensrÿche
6%
Ric Ocasek The Cars
6%
David Paich Toto
6%
George Fisher Cannibal Corpse
5%
Kevin DuBrow Quiet Riot
5%
Robin Zander Cheap Trick
4%
Marty Balin Jefferson Airplane
4%
Chad Gray Mudvayne
4%
Jon Oliva Savatage
4%
John Cooper Skillet
4%
Russell Allen Symphony X
4%
Dan Auerbach The Black Keys
4%
Troy Sanders Mastodon
3%
Blitz Ellsworth Overkill
3%
Buck Dharma Blue Öyster Cult
2%
Kevin Cronin REO Speedwagon
2%
Brent Smith Shinedown
2%
Stu Block Iced Earth
1%
Jesse Leach Killswitch Engage
0%
Nenhum quiz correspondente encontrado
Distribuição das Pontuações
Porcentagem de Pessoas com Cada Pontuação
Percentil de Números Respondidos
Sua Pontuação Histórica
Você não jogou esse quiz